Ch2-Ch3 Katakana Quiz Stats

 Plays Quiz not verified by Sporcle

Challenge
Share
Tweet
Embed
Score 0/59 Timer 04:00
0 Plays Today
Word Answer % Correct
Milkミルク
50%
Bedベッド
45.5%
Franceフランス
40.9%
Americaアメリカ
39.1%
Toiletトイレ
36.4%
Videoビデオ
31.8%
Televisionテレビ
31.8%
Restaurantレストラン
31.8%
Coffeeコーヒー
31.8%
Orangeオレンジ
31.8%
Sportsスポーツ
31.8%
Germanyドイツ
27.3%
New Yorkニューヨーク
27.3%
Testテスト
27.3%
Penペン
27.3%
Reportレポート
27.3%
Sofaソファ
27.3%
Colaコーラ
27.3%
Beerビール
27.3%
Wineワイン
27.3%
Bananaバナナ
27.3%
Pizzaピザ
27.3%
Hamburgerハンバーガー
27.3%
Pianoピアノ
27.3%
Canadaカナダ
22.7%
New Jerseyニュージャージー
22.7%
Frist Hallフリストホール
22.7%
Labラブ
22.7%
Classmateクラスメート
22.7%
Department Storeデパート
22.7%
Word Answer % Correct
Tomatoトマト
22.7%
Skateスケート
22.7%
Jazzジャズ
22.7%
Classクラス
22.7%
Mexicoメキシコ
18.2%
Ballpoint Penボールペン
18.2%
Supermarketスーパー
18.2%
Cookieクーキ
18.2%
Joggingジョギング
18.2%
Skiスキー
18.2%
Basketballバスケットボール
18.2%
Rockロック
18.2%
Violinバイオリン
18.2%
Businessビジネス
18.2%
Spainスペイン
13.6%
Englandイギリス
13.6%
Campusキャンパス
13.6%
Computerコンプータ
13.6%
Apartmentアパート
13.6%
Juiceジュース
13.6%
Pop Musicポップス
13.6%
Asiaアシア
13.6%
Italy イタリア
13%
Princetonプリンストン
9.1%
Roommateルームメート
9.1%
Showerシャワー
9.1%
Australiaオーストラリア
9.1%
Jones Hallジョーンスホール
4.5%
Classicalクラシック
4.5%

You're not logged in!

Compare scores with friends on all Sporcle quizzes.
Join for Free
OR
Log In

You Might Also Like...

Show Comments

Extras

Created Oct 17, 2013ReportNominate
Tags:Japanese Quiz, katakana

Top Quizzes Today


Score Distribution

Your Account Isn't Verified!

In order to create a playlist on Sporcle, you need to verify the email address you used during registration. Go to your Sporcle Settings to finish the process.

Report this User

Report this user for behavior that violates our Community Guidelines.

Details: